Management (Record no. 103465)

MARC details
000 -LEADER
fixed length control field 01361cam a2200313 4500
008 - FIXED-LENGTH DATA ELEMENTS--GENERAL INFORMATION
fixed length control field 040406n1995 000 0 eng u
020 ## - INTERNATIONAL STANDARD BOOK NUMBER
International Standard Book Number 0538843446
035 ## - SYSTEM CONTROL NUMBER
System control number (Sirsi) u125756
041 ## - LANGUAGE CODE
Language code of text/sound track or separate title eng
050 ## - LIBRARY OF CONGRESS CALL NUMBER
Classification number 658.562
-- 20
100 ## - MAIN ENTRY--PERSONAL NAME
Personal name Bounds, Gregory M.
245 ## - TITLE STATEMENT
Title Management
Remainder of title a total quality perspective
260 ## - PUBLICATION, DISTRIBUTION, ETC.
Place of publication, distribution, etc. Cincinnati
Name of publisher, distributor, etc. South-Western College Publishing
Date of publication, distribution, etc. 1995
300 ## - PHYSICAL DESCRIPTION
Extent xl, 760p.
Dimensions 27cm.
350 ## - PRICE (NR) (BK AM CF MU VM SE) [OBSOLETE]
Price 38
520 ## - SUMMARY, ETC.
Summary, etc. This American text integrates total quality management themes into current management theory and practice. Part one introduces the theory and practice of management. Part two deals with strategic management issues. Part three looks at organisational structure and culture, and human resources management. Part four examines leadership, motivation, communication, teambuilding and organisational change. Part five concludes with methods for control and improvement. Includes case studies, references and a glossary.
650 ## - SUBJECT ADDED ENTRY--TOPICAL TERM
Topical term or geographic name entry element TOTAL QUALITY MANAGEMENT
650 ## - SUBJECT ADDED ENTRY--TOPICAL TERM
Topical term or geographic name entry element EUROPE
650 ## - SUBJECT ADDED ENTRY--TOPICAL TERM
Topical term or geographic name entry element HUMAN RESOURCES MANAGEMENT
650 ## - SUBJECT ADDED ENTRY--TOPICAL TERM
Topical term or geographic name entry element UNITED STATES
650 ## - SUBJECT ADDED ENTRY--TOPICAL TERM
Topical term or geographic name entry element QUALITY ASSURANCE
650 ## - SUBJECT ADDED ENTRY--TOPICAL TERM
Topical term or geographic name entry element STRATEGIC MANAGEMENT
650 ## - SUBJECT ADDED ENTRY--TOPICAL TERM
Topical term or geographic name entry element MANAGEMENT THEORY
650 ## - SUBJECT ADDED ENTRY--TOPICAL TERM
Topical term or geographic name entry element LEADERSHIP
690 ## - LOCAL SUBJECT ADDED ENTRY--TOPICAL TERM (OCLC, RLIN)
Topical term or geographic name as entry element MANAGEMENT-BUSINESS MANAGEMENT
700 ## - ADDED ENTRY--PERSONAL NAME
Personal name Dobbins, Gregory H.
700 ## - ADDED ENTRY--PERSONAL NAME
Personal name Fowler, Oscar S.
942 ## - ADDED ENTRY ELEMENTS (KOHA)
Suppress in OPAC 0
Holdings
Withdrawn status Lost status Source of classification or shelving scheme Damaged status Not for loan Home library Current library Shelving location Date acquired Cost, normal purchase price Total Checkouts Full call number Barcode Date last seen Date last checked out Copy number Cost, replacement price Price effective from Koha item type
    Dewey Decimal Classification     London London Books 22/07/2004 38.00 2 658.562 BOU 30069299 06/08/2019 13/04/2007 1 38.00 06/08/2019 Book